00510nam a2200193 450000500170000002000280001704000340004508200120007910000180009124500440010926000350015330000300018850400190021854600090023765000190024665000340026565000080029965000090030720251002074128.0 a0195674235cTZS 7,423/= aMCCLbeng.eAACR 2nd rev. ed. a340 DEN aDenning, Lord aThe due process of lawc/ Lord Denning  aLondon :bButterworths,c1980. a xviii, 263 p. : c22 cm. aIncludes index aeng. aLaw philosophy aseven Conflicts in the courts aLaw aLaw